00968 a2200181 45000010006000000050017000060080041000230030015000640400040000790800032001192450052001512500012002032640041002153000019002565050476002751000018007517000017007694845220260407155749.0260407a1969 arg spa dAR-UNSa-BCEJYS aAR-UNSa-BCEJYSbspacAR-UNSa-BCEJYS a94:33xHistoria económica10aAspectos económicos del federalismo argentino a2a. ed. 1aBuenos Aires :bSolar/Hachettec1969 a392 p.c20 cm. a1. La economía de la independencia - 2. La economía de Buenos Aires, de 1821 a 1829 - 3. Las reformas financieras de Buenos Aires de 1821 a 1829 - 4. El experimento unitario - 5. Las provincias - 6. El primer gobierno federal de Buenos Aires - 7. Las finanzas federales de Buenos Aires de 1829 a 1835 - 8. Las finanzas porteñas con Rosas - 9. Aranceles, emisiones y política - 10. La economía de la dictadura - 11. Aspectos económicos de la caída de Rosas. 1 aBurgin, Miron1 aCales, Mario